00773 2200277 4500001002100000005001500021035002000036007000300056008004100059040001700100100001400117245005100131300004000182020002200222041000800244082000800252084001400260090001900274260003500293500007100328600001400399850001000413990002400423990002400447990002400471INLIS00000000000294420260529033227 a0010-1120000022ta260529 0  aSBPUPADbind0 aWild Jhon1 aFinancial Accounting Fundamentals /cWild Jhon axxvi,577 hlm :bilus. ;c23 x 28 cm a978-0-07-340397-717aEng a657 a657 WIL f a657 WIL f 22-3 aNew York :bMcGraw Hill,c2007 aGlosarium,hlm G1-G12 ;Indeks ,hlm Ind1-Ind15;Tentang Penulis,hlm V 4aAkuntansi aPUPAD a463/S/KAPD-PDG/2018 a462/S/KAPD-PDG/2012 a464/S/KAPD-PDG/2012